000
00319nam a2200109Ia 4500
008
200302s9999 xx 000 0 und d
100
_a
Ingrid Siliakus & Others
245
_a
Architectural Origami Create Models of the World Great Buildings
260
_b
Page one Publishing Pvt. Ltd.
260
_c
2009
300
_a
109 P.,
999
_c
2766
_d
2766